مكتبة جامعة عجلون الوطنية

فهرس بحث المكتبة

Investment management : (Record no. 33222)

MARC details
000 -LEADER
fixed length control field 00704pam a2200241 a 4500
001 - CONTROL NUMBER
control field 2804815
003 - CONTROL NUMBER IDENTIFIER
control field JO-AjAnu
005 - DATE AND TIME OF LATEST TRANSACTION
control field 20231202121823.0
008 - FIXED-LENGTH DATA ELEMENTS--GENERAL INFORMATION
fixed length control field 820602s1983 nyua 001 0 eng
010 ## - LIBRARY OF CONGRESS CONTROL NUMBER
LC control number 82004627
020 ## - INTERNATIONAL STANDARD BOOK NUMBER
International Standard Book Number 002362440X
040 ## - CATALOGING SOURCE
Original cataloging agency DLC
Transcribing agency DLC
Modifying agency DLC
-- JO-AjAnu
050 00 - LIBRARY OF CONGRESS CALL NUMBER
Classification number HG4521
Item number .K453 1983
082 00 - DEWEY DECIMAL CLASSIFICATION NUMBER
Classification number 332.6/78
Edition number 19
100 1# - MAIN ENTRY--PERSONAL NAME
Personal name Khoury, Sarkis J.
Relator term Author
245 10 - TITLE STATEMENT
Title Investment management :
Remainder of title theory and application /
Statement of responsibility, etc. Sarkis J. Khoury.
260 ## - PUBLICATION, DISTRIBUTION, ETC.
Place of publication, distribution, etc. New York :
Name of publisher, distributor, etc. Macmillan,
Date of publication, distribution, etc. c1983.
300 ## - PHYSICAL DESCRIPTION
Extent xiii, 674 p. :
Other physical details ill. ;
Dimensions 27 cm.
500 ## - GENERAL NOTE
General note Includes index.
650 #0 - SUBJECT ADDED ENTRY--TOPICAL TERM
Topical term or geographic name entry element Investments.
906 ## - LOCAL DATA ELEMENT F, LDF (RLIN)
a 7
b cbc
c orignew
d 1
e ocip
f 19
g y-gencatlg
942 ## - ADDED ENTRY ELEMENTS (KOHA)
Source of classification or shelving scheme Library of Congress Classification
Koha item type Books
Suppress in OPAC No
Holdings
Withdrawn status Lost status Source of classification or shelving scheme Damaged status Not for loan Home library Current library Date acquired Total Checkouts Full call number Barcode Date last seen Price effective from Koha item type
    Library of Congress Classification     مكتبة جامعة عجلون الوطنية مكتبة جامعة عجلون الوطنية 02/12/2023   HG4521.K353.1983 E3585 02/12/2023 02/12/2023 Books